[Event "SRB-chT (Women)"]
[Site "Novi Sad"]
[Date "2017.09.09"]
[Round "9.2"]
[White "Milosevic, Milica"]
[Black "Laketic, Milica"]
[Result "1/2-1/2"]
[WhiteElo "1689"]
[BlackElo "2069"]
[PlyCount "22"]
[EventDate "2017.09.01"]
[EventType "team-tourn"]
[EventRounds "11"]
[EventCountry "SRB"]
[SourceTitle "CBM 180 Extra"]
[Source "ChessBase"]
[SourceDate "2017.10.06"]
[SourceVersion "1"]
[SourceVersionDate "2017.10.06"]
[SourceQuality "1"]
[WhiteTeam "Kostolac Rudar (W)"]
[BlackTeam "Sombor (W)"]
[WhiteTeamCountry "SRB"]
[BlackTeamCountry "SRB"]

1. d4 d5 2. Nf3 Nf6 3. Bf4 e6 4. e3 Nbd7 5. h3 Be7 6. Be2 0-0 7. 0-0 c5 8. c3 b6 9. Nbd2 Bb7 10. Qc2 Rc8 11. Rac1 Re8 1/2-1/2

[Event "SRB-chT (Women)"]
[Site "Novi Sad"]
[Date "2017.09.08"]
[Round "8.4"]
[White "Prudnikova, Svetlana"]
[Black "Milosevic, Milica"]
[Result "1-0"]
[WhiteElo "2265"]
[BlackElo "1689"]
[PlyCount "49"]
[EventDate "2017.09.01"]
[EventType "team-tourn"]
[EventRounds "11"]
[EventCountry "SRB"]
[SourceTitle "CBM 180 Extra"]
[Source "ChessBase"]
[SourceDate "2017.10.06"]
[SourceVersion "1"]
[SourceVersionDate "2017.10.06"]
[SourceQuality "1"]
[WhiteTeam "Goracici Jelica (W)"]
[BlackTeam "Kostolac Rudar (W)"]
[WhiteTeamCountry "SRB"]
[BlackTeamCountry "SRB"]

1. d4 d5 2. c4 dxc4 3. Nf3 Nf6 4. e3 a6 5. Bxc4 b5 6. Bd3 Bb7 7. 0-0 e6 8. Qe2 Nbd7 9. a4 b4 10. e4 Be7 11. Nbd2 0-0 12. Nb3 c5 13. e5 Nd5 14. dxc5 Nxc5 15. Nxc5 Bxc5 16. Bxh7+ Kh8 17. Be4 g6 18. Ng5 Qe7 19. h4 Kg7 20. h5 Rh8 21. hxg6 fxg6 22. Qg4 Rae8 23. Bxg6 Kxg6 24. Nxe6+ Kf7 25. Qf5+ 1-0

[Event "SRB-chT (Women)"]
[Site "Novi Sad"]
[Date "2017.09.01"]
[Round "1.2"]
[White "Gakovic, Isidora"]
[Black "Milosevic, Milica"]
[Result "1-0"]
[WhiteElo "1713"]
[BlackElo "1689"]
[PlyCount "55"]
[EventDate "2017.09.01"]
[EventType "team-tourn"]
[EventRounds "11"]
[EventCountry "SRB"]
[SourceTitle "CBM 180 Extra"]
[Source "ChessBase"]
[SourceDate "2017.10.06"]
[SourceVersion "1"]
[SourceVersionDate "2017.10.06"]
[SourceQuality "1"]
[WhiteTeam "Novi Sad CC (W)"]
[BlackTeam "Kostolac Rudar (W)"]
[WhiteTeamCountry "SRB"]
[BlackTeamCountry "SRB"]

1. e4 c5 2. Nf3 d6 3. d4 cxd4 4. Nxd4 Nf6 5. Nc3 a6 6. Be2 e6 7. Be3 Be7 8. 0-0 0-0 9. f4 b6 10. Bf3 Bb7 11. e5 Nd5 12. Nxd5 Bxd5 13. Bxd5 exd5 14. Nf5 Nd7 15. Qxd5 dxe5 16. fxe5 Bc5 17. Rad1 Bxe3+ 18. Nxe3 Qg5 19. Nc4 Rad8 20. Rfe1 Rfe8 21. Qc6 Re6 22. Qf3 b5 23. Rf1 Qe7 24. Ne3 Rxe5 25. Nf5 Qc5+ 26. Kh1 Re6 27. Qb7 Rb6 28. Rxd7 1-0

[Event "Paracin-ch"]
[Site "Paracin"]
[Date "2016.01.22"]
[Round "5"]
[White "Milosevic, Milica"]
[Black "Lazic, Milan B"]
[Result "1-0"]
[WhiteElo "1760"]
[BlackElo "1980"]
[PlyCount "33"]
[EventDate "2016.01.19"]
[EventType "swiss"]
[EventRounds "9"]
[EventCountry "SRB"]
[SourceTitle "CBM 170 Extra"]
[Source "ChessBase"]
[SourceDate "2016.02.25"]
[SourceVersion "1"]
[SourceVersionDate "2016.02.25"]
[SourceQuality "1"]

1. d4 Nf6 2. Nf3 g6 3. Bf4 c5 4. e3 Bg7 5. c3 cxd4 6. exd4 d6 7. h3 0-0 8. Bd3 Nbd7 9. 0-0 Re8 10. Re1 Qa5 11. Nbd2 Nf8 12. Qb3 Qh5 13. Ng5 Ne6 14. Be2 Qh6 15. Nxe6 Bxe6 16. Bxh6 Bxb3 17. Bxg7 1-0

[Event "SRB-ch U18 Girls"]
[Site "Vrbas"]
[Date "2015.04.14"]
[Round "8"]
[White "Petrovic, Tijana"]
[Black "Milosevic, Milica"]
[Result "0-1"]
[WhiteElo "1831"]
[BlackElo "1543"]
[PlyCount "66"]
[EventDate "2015.04.09"]
[EventType "swiss"]
[EventRounds "9"]
[EventCountry "SRB"]
[SourceTitle "EXT 2016"]
[Source "ChessBase"]
[SourceDate "2015.10.08"]
[SourceVersion "1"]
[SourceVersionDate "2015.10.08"]
[SourceQuality "1"]

1. Nf3 d5 2. d4 Nf6 3. c4 dxc4 4. Nc3 e6 5. Bg5 Be7 6. e3 a6 7. Bxc4 b5 8. Bd3 Bb7 9. 0-0 c5 10. Rc1 Nbd7 11. Qe2 0-0 12. Rfd1 cxd4 13. Nxd4 Qb6 14. Bb1 Rac8 15. e4 b4 16. Na4 Qa5 17. e5 Nxe5 18. b3 Rxc1 19. Rxc1 Qd5 20. Be4 Qxe4 21. Qxe4 Bxe4 22. Re1 Ned7 23. Rxe4 Nxe4 24. Bxe7 Rc8 25. g3 a5 26. f3 Nc3 27. Bd6 Nxa2 28. f4 Nc3 29. Nb2 Ne4 30. Be7 f6 31. Nc4 Kf7 32. Nd6+ Nxd6 33. Bxd6 e5 0-1

[Event "SRB-ch U18 Girls"]
[Site "Pozarevac"]
[Date "2015.01.11"]
[Round "4"]
[White "Milosevic, Milica"]
[Black "Milosevic, Jovana"]
[Result "0-1"]
[WhiteElo "1607"]
[BlackElo "2086"]
[PlyCount "146"]
[EventDate "2015.01.09"]
[EventType "swiss"]
[EventRounds "9"]
[EventCountry "SRB"]
[SourceTitle "EXT 2016"]
[Source "ChessBase"]
[SourceDate "2015.10.08"]
[SourceVersion "1"]
[SourceVersionDate "2015.10.08"]
[SourceQuality "1"]

1. d4 d5 2. c4 e6 3. cxd5 exd5 4. Nf3 Nf6 5. Bg5 Nbd7 6. e3 Be7 7. Nc3 c6 8. Bd3 0-0 9. Qc2 Re8 10. 0-0 Nf8 11. h3 Ne4 12. Bxe7 Qxe7 13. Bxe4 dxe4 14. Nd2 Bf5 15. Ne2 Rad8 16. Ng3 Bg6 17. Nb3 h5 18. Qc5 Ne6 19. Qxe7 Rxe7 20. h4 Nc7 21. Rac1 Nd5 22. Ne2 f5 23. g3 Bf7 24. Nd2 Nb6 25. b3 g6 26. Nf4 Kg7 27. Rc5 Nd7 28. Rc2 c5 29. dxc5 Nxc5 30. Rfc1 Nd3 31. Nxd3 Rxd3 32. Kf1 Red7 33. Ke2 Kf6 34. Nb1 Bd5 35. Nc3 Bc6 36. Nb1 Bb5 37. Ke1 R3d6 38. Rc5 Bd3 39. Nd2 b5 40. b4 Ra6 41. Rc6+ Rd6 42. Rxd6+ Rxd6 43. Nb3 Ra6 44. Na5 Bc4 45. a3 Ke6 46. Rd1 Bd5 47. Kd2 Rd6 48. Kc3 Rd8 49. Kc2 Rc8+ 50. Kd2 Rg8 51. Rc1 Kd6 52. Ke2 a6 53. Kd2 Rd8 54. Ke2 Rd7 55. Rd1 Ke6 56. Rc1 Kf6 57. Re1 g5 58. Rh1 gxh4 59. Rxh4 Kg5 60. Rh1 Rc7 61. Kd2 Bc4 62. Kc2 Bd3+ 63. Kb3 Rc2 64. Rh2 Rc1 65. Nb7 Bc4+ 66. Kb2 Re1 67. Nd6 Be6 68. Kc3 Rd1 69. Ne8 Rd3+ 70. Kb2 Rb3+ 71. Kc2 Rxa3 72. Nc7 Bf7 73. Kc1 Rc3+ 0-1

[Event "SRB-chT3 East"]
[Site "Pozarevac"]
[Date "2014.10.03"]
[Round "2.14"]
[White "Milosevic, Milica"]
[Black "Jakovljevic, Dejan"]
[Result "0-1"]
[WhiteElo "1594"]
[BlackElo "1987"]
[PlyCount "106"]
[EventDate "2014.10.02"]
[EventType "team-swiss"]
[EventRounds "6"]
[EventCountry "SRB"]
[SourceTitle "EXT 2022"]
[Source "ChessBase"]
[SourceDate "2021.10.06"]
[SourceVersion "1"]
[SourceVersionDate "2021.10.06"]
[SourceQuality "1"]

1. d4 f5 2. Nf3 Nf6 3. c4 c6 4. Nc3 g6 5. Bf4 Bg7 6. e3 0-0 7. Bd3 Na6 8. 0-0 d6 9. Rc1 h6 10. h3 Qe8 11. Qb3 Kh8 12. Rfe1 Nh5 13. Bh2 e5 14. Bb1 Qe7 15. Qa3 Re8 16. Rcd1 Qc7 17. dxe5 dxe5 18. Qd6 Kh7 19. Rd2 Qxd6 20. Rxd6 e4 21. Nd4 Bf8 22. a3 Nc5 23. Nde2 Bxd6 24. Bxd6 Ne6 25. c5 Ng5 26. Ba2 Be6 27. Bxe6 Nxe6 28. Rd1 Rad8 29. b4 Ng5 30. Rc1 Nf7 31. Bh2 Ng7 32. Nd4 Ne6 33. Nde2 Rd2 34. Kf1 Rd7 35. Ke1 Nc7 36. Nd4 Ne5 37. Bxe5 Rxe5 38. Kf1 Re8 39. Ke1 Kg7 40. Kf1 Kf6 41. Ke1 Ne6 42. Nde2 Rd3 43. Kf1 Red8 44. Ke1 Ke5 45. Ng3 Nc7 46. Nge2 g5 47. Nd4 Nd5 48. Nde2 f4 49. exf4+ gxf4 50. Nb1 Ne7 51. Nbc3 Nf5 52. Nb1 Nh4 53. g3 Nf3+ 0-1

[Event "SRB-chT3 East"]
[Site "Pozarevac"]
[Date "2014.10.03"]
[Round "3.16"]
[White "Pantic, Radosav"]
[Black "Milosevic, Milica"]
[Result "1/2-1/2"]
[WhiteElo "1790"]
[BlackElo "1594"]
[PlyCount "104"]
[EventDate "2014.10.02"]
[EventType "team-swiss"]
[EventRounds "6"]
[EventCountry "SRB"]
[SourceTitle "EXT 2022"]
[Source "ChessBase"]
[SourceDate "2021.10.06"]
[SourceVersion "1"]
[SourceVersionDate "2021.10.06"]
[SourceQuality "1"]

1. d4 d5 2. c4 c6 3. a4 Nf6 4. Nc3 Bf5 5. Nf3 e6 6. e3 Bd6 7. c5 Be7 8. a5 Nbd7 9. Bd3 Bxd3 10. Qxd3 Qc7 11. b4 0-0 12. 0-0 e5 13. dxe5 Nxe5 14. Nxe5 Qxe5 15. Bb2 Ng4 16. f4 Qxe3+ 17. Qxe3 Nxe3 18. Rfe1 d4 19. Na4 Bf6 20. Re2 Rad8 21. Rae1 Nd5 22. Re4 Nxb4 23. Rd1 Rfe8 24. Rxe8+ Rxe8 25. Rd2 Re4 26. g3 g6 27. Kf2 Bg7 28. h4 Kf8 29. Kf3 f5 30. Re2 Rxe2 31. Kxe2 Ke7 32. Kd2 Ke6 33. Ba3 Nd5 34. Kd3 Nc7 35. Kc4 Nb5 36. Bb4 Bf6 37. Nb2 Nc7 38. Bd2 Nb5 39. Bb4 h6 40. Nd3 g5 41. hxg5 hxg5 42. Bd2 g4 43. Bb4 Nc7 44. Bd2 Nd5 45. Nb4 Nc7 46. Nc2 Bg7 47. Nxd4+ Bxd4 48. Kxd4 Nb5+ 49. Kc4 Na3+ 50. Kb3 Nb5 51. Kc4 Na3+ 52. Kb3 Nb5 1/2-1/2

[Event "SRB-chT3 East"]
[Site "Pozarevac"]
[Date "2014.10.02"]
[Round "1.45"]
[White "Milosevic, Milica"]
[Black "Brkic, Antonio"]
[Result "0-1"]
[WhiteElo "1594"]
[BlackElo "1691"]
[PlyCount "54"]
[EventDate "2014.10.02"]
[EventType "team-swiss"]
[EventRounds "6"]
[EventCountry "SRB"]
[SourceTitle "EXT 2022"]
[Source "ChessBase"]
[SourceDate "2021.10.06"]
[SourceVersion "1"]
[SourceVersionDate "2021.10.06"]
[SourceQuality "1"]

1. d4 g6 2. Nf3 Bg7 3. Bf4 c5 4. c3 cxd4 5. cxd4 d6 6. e3 Qb6 7. Qd2 Nf6 8. Nc3 Bg4 9. Be2 Nbd7 10. 0-0 0-0 11. Rac1 Qa5 12. h3 Bxf3 13. Bxf3 e5 14. Bh2 Rab8 15. Rfd1 Rfe8 16. dxe5 dxe5 17. Qc2 Nb6 18. Qb3 Rec8 19. Nb5 Rxc1 20. Rxc1 Nfd7 21. Nd6 Rf8 22. Nxb7 Qa6 23. Nc5 Qa5 24. Nxd7 Nxd7 25. Rd1 Nb6 26. Kh1 Re8 27. Qc3 Qxa2 0-1

[Event "SRB-chT (Women)"]
[Site "Palic"]
[Date "2014.09.04"]
[Round "6.2"]
[White "Milutinovic, Stefana"]
[Black "Milosevic, Milica"]
[Result "1-0"]
[WhiteElo "2041"]
[BlackElo "1630"]
[PlyCount "61"]
[EventDate "2014.08.30"]
[EventType "team-tourn"]
[EventRounds "11"]
[EventCountry "SRB"]
[SourceTitle "CBM 162 Extra"]
[Source "ChessBase"]
[SourceDate "2014.10.17"]
[SourceVersion "1"]
[SourceVersionDate "2014.10.17"]
[SourceQuality "1"]
[WhiteTeam "Belgrade Rad (W)"]
[BlackTeam "Malo Crnice (W)"]
[WhiteTeamCountry "SRB"]
[BlackTeamCountry "SRB"]

1. d4 d5 2. c4 e6 3. Nc3 Nf6 4. Bg5 Be7 5. Nf3 0-0 6. e3 c6 7. cxd5 exd5 8. Qc2 Bg4 9. Ne5 Be6 10. Bd3 h6 11. Bf4 Nbd7 12. h3 Nxe5 13. Bxe5 Nd7 14. Bh2 Qb6 15. 0-0 Rfe8 16. a3 Qd8 17. b4 Nb6 18. Ne2 Bh4 19. Nf4 Qd7 20. Rfc1 Nc8 21. Nxe6 Qxe6 22. b5 cxb5 23. Bxb5 Rd8 24. Bc7 Rf8 25. Qc5 Be7 26. Qc2 Nd6 27. Bd3 Rac8 28. Qb3 b6 29. Ba6 Ra8 30. Rc6 Rfe8 31. Bb7 1-0

[Event "SRB-chT (Women)"]
[Site "Palic"]
[Date "2014.08.31"]
[Round "2.4"]
[White "Velickovski Nejkovic, Maja"]
[Black "Milosevic, Milica"]
[Result "1-0"]
[WhiteElo "2046"]
[BlackElo "1630"]
[PlyCount "67"]
[EventDate "2014.08.30"]
[EventType "team-tourn"]
[EventRounds "11"]
[EventCountry "SRB"]
[SourceTitle "CBM 162 Extra"]
[Source "ChessBase"]
[SourceDate "2014.10.17"]
[SourceVersion "1"]
[SourceVersionDate "2014.10.17"]
[SourceQuality "1"]
[WhiteTeam "Belgrade BAS (W)"]
[BlackTeam "Malo Crnice (W)"]
[WhiteTeamCountry "SRB"]
[BlackTeamCountry "SRB"]

1. c4 c5 2. Nc3 Nc6 3. g3 g6 4. Bg2 Bg7 5. d3 e6 6. e4 Nge7 7. Be3 Nd4 8. h4 h5 9. Qd2 Qc7 10. Rc1 b6 11. Nge2 Nxe2 12. Nxe2 Bb7 13. d4 d6 14. 0-0 Nc6 15. d5 exd5 16. cxd5 Ne5 17. Qc2 Ba6 18. Qa4+ Nd7 19. Qxa6 Bxb2 20. Bd4 Bxd4 21. Nxd4 0-0 22. Nc6 Rfe8 23. f4 Nb8 24. Qd3 Nxc6 25. dxc6 Rad8 26. Qd5 Kg7 27. Bh3 Qe7 28. Rce1 Qc7 29. Bd7 Re7 30. e5 dxe5 31. fxe5 Rf8 32. Qd6 Qd8 33. Rd1 Kg8 34. c7 1-0

[Event "SRB Central-ch op-B 7th"]
[Site "Paracin"]
[Date "2014.07.05"]
[Round "3"]
[White "Petrovic, Milan M"]
[Black "Milosevic, Milica"]
[Result "1-0"]
[WhiteElo "1953"]
[BlackElo "1599"]
[PlyCount "105"]
[EventDate "2014.07.04"]
[EventType "swiss"]
[EventRounds "9"]
[EventCountry "SRB"]
[SourceTitle "CBM 161 Extra"]
[Source "ChessBase"]
[SourceDate "2014.08.29"]
[SourceVersion "1"]
[SourceVersionDate "2014.08.29"]
[SourceQuality "1"]

1. e4 c5 2. Nc3 d6 3. f4 e6 4. Nf3 Nc6 5. Bc4 Nge7 6. d3 g6 7. 0-0 Bg7 8. Qe1 a6 9. a3 Nd4 10. Nxd4 Bxd4+ 11. Kh1 0-0 12. Ne2 Bg7 13. Qh4 d5 14. Ba2 dxe4 15. dxe4 b5 16. c3 Bb7 17. Ng3 Nc6 18. Qg4 c4 19. Be3 Qe7 20. Rae1 Qc7 21. Bb1 Rad8 22. h4 f5 23. Qh3 Rfe8 24. h5 Kf7 25. exf5 exf5 26. Nxf5 Bc8 27. h6 Bf6 28. g4 gxf5 29. g5 Bh8 30. Bxf5 Bb7 31. Bxh7 Ne7+ 32. Kg1 Qc6 33. f5 Rf8 34. Qh5+ Ng6 35. Bxg6+ Ke7 36. Bc5+ Kd7 37. Re7+ Kc8 38. Qe2 Qxc5+ 39. Qe3 Qc6 40. Qe6+ Qxe6 41. Rxe6 Kc7 42. h7 Rd2 43. Rf2 Rdd8 44. f6 Rd5 45. Bf5 Bc8 46. Re7+ Kd8 47. Bxc8 Rxg5+ 48. Rg2 Rxg2+ 49. Kxg2 Bxf6 50. Ra7 Bh8 51. Bxa6 Rf5 52. Ra8+ Ke7 53. Rxh8 1-0

[Event "SRB-ch U16 Girls"]
[Site "Vrnjacka Banja"]
[Date "2013.05.03"]
[Round "5"]
[White "Gajcin, Jasmina"]
[Black "Milosevic, Milica"]
[Result "1-0"]
[WhiteElo "1822"]
[BlackElo "1609"]
[PlyCount "65"]
[EventDate "2013.04.30"]
[EventType "swiss"]
[EventRounds "9"]
[EventCountry "SRB"]
[SourceTitle "CBM 154 Extra"]
[Source "ChessBase"]
[SourceDate "2013.06.25"]
[SourceVersion "2"]
[SourceVersionDate "2013.06.25"]
[SourceQuality "1"]

1. e4 c5 2. Nf3 d6 3. Bb5+ Bd7 4. Bxd7+ Qxd7 5. c4 Nc6 6. Nc3 Nf6 7. d4 cxd4 8. Nxd4 g6 9. f3 Bg7 10. Be3 0-0 11. 0-0 Rac8 12. b3 Rfd8 13. Rf2 e6 14. Rd2 a6 15. Nde2 Qe7 16. Rc1 Bf8 17. Qe1 Nd7 18. Rcd1 Nc5 19. Qg3 d5 20. cxd5 exd5 21. Nxd5 Qe6 22. Qh4 Nd7 23. Bg5 Re8 24. Ndf4 Qe5 25. Rxd7 Qc5+ 26. Kh1 Qc2 27. R7d2 Qc5 28. Nd5 Bg7 29. Bf6 Bf8 30. Bb2 Be7 31. Qh6 Bf8 32. Nf6+ Kh8 33. Qxh7# 1-0

[Event "SRB-ch U16 Girls"]
[Site "Vrnjacka Banja"]
[Date "2013.05.02"]
[Round "4"]
[White "Petrovic, Tijana"]
[Black "Milosevic, Milica"]
[Result "0-1"]
[WhiteElo "1676"]
[BlackElo "1609"]
[PlyCount "52"]
[EventDate "2013.04.30"]
[EventType "swiss"]
[EventRounds "9"]
[EventCountry "SRB"]
[SourceTitle "CBM 154 Extra"]
[Source "ChessBase"]
[SourceDate "2013.06.25"]
[SourceVersion "2"]
[SourceVersionDate "2013.06.25"]
[SourceQuality "1"]

1. Nf3 d5 2. d4 Nf6 3. c4 e6 4. Nc3 c6 5. Bg5 Be7 6. e3 dxc4 7. Bxc4 b5 8. Bd3 Nbd7 9. 0-0 0-0 10. Rc1 Bb7 11. Qe2 Rc8 12. h3 a6 13. Rfd1 h6 14. Bf4 Qb6 15. Ne5 c5 16. Nxd7 Nxd7 17. dxc5 Nxc5 18. Bc2 Bf6 19. Bb1 b4 20. Qc2 g6 21. Na4 Qc6 22. f3 Nxa4 23. Qb3 Qb5 24. Bxh6 Rfd8 25. Rxc8 Rxc8 26. Bxg6 Bd5 0-1

[Event "SRB Central-ch op (Women)"]
[Site "Pozarevac"]
[Date "2013.02.21"]
[Round "5"]
[White "Milosevic, Milica"]
[Black "Injac, Teodora"]
[Result "0-1"]
[WhiteElo "1643"]
[BlackElo "1745"]
[PlyCount "50"]
[EventDate "2013.02.18"]
[EventType "tourn"]
[EventRounds "9"]
[EventCountry "SRB"]
[SourceTitle "CBM 153 Extra"]
[Source "ChessBase"]
[SourceDate "2013.04.22"]
[SourceVersion "1"]
[SourceVersionDate "2013.04.22"]
[SourceQuality "1"]

1. d4 g6 2. c3 Bg7 3. e3 Nf6 4. Bd3 0-0 5. f4 d6 6. Nf3 c5 7. 0-0 Nc6 8. Nbd2 e5 9. Nb3 e4 10. dxc5 exf3 11. Qxf3 dxc5 12. Nxc5 Bg4 13. Qf2 b6 14. h3 bxc5 15. Bxg6 fxg6 16. hxg4 Nxg4 17. Qf3 Qh4 18. Rd1 Rad8 19. Bd2 Rd6 20. Be1 Rxd1 21. Rxd1 Qh2+ 22. Kf1 Nce5 23. Qd5+ Nf7 24. Qf3 Qh5 25. Bg3 Nxe3+ 0-1

[Event "SRB Central-ch op (Women)"]
[Site "Pozarevac"]
[Date "2013.02.19"]
[Round "3"]
[White "Milosevic, Milica"]
[Black "Petrovic, Tamara"]
[Result "1-0"]
[WhiteElo "1643"]
[BlackElo "1657"]
[PlyCount "81"]
[EventDate "2013.02.18"]
[EventType "tourn"]
[EventRounds "9"]
[EventCountry "SRB"]
[SourceTitle "CBM 153 Extra"]
[Source "ChessBase"]
[SourceDate "2013.04.22"]
[SourceVersion "1"]
[SourceVersionDate "2013.04.22"]
[SourceQuality "1"]

1. d4 d5 2. e3 Nc6 3. c3 e5 4. Bb5 exd4 5. exd4 Bd7 6. f4 Nf6 7. Nf3 Be7 8. 0-0 0-0 9. Qd3 Re8 10. Nbd2 Bf8 11. Ne5 Qc8 12. h3 a6 13. Ba4 Bf5 14. Qf3 Qe6 15. g4 Be4 16. Nxe4 Nxe4 17. f5 Qf6 18. Bf4 Red8 19. Nxc6 bxc6 20. Bxc7 Rdc8 21. Bf4 Bd6 22. Bc2 Bxf4 23. Qxf4 Nd6 24. g5 Qd8 25. h4 Nc4 26. b3 Nb6 27. h5 Qf8 28. f6 Re8 29. fxg7 Qxg7 30. h6 Qf8 31. Qf5 Re4 32. Bxe4 dxe4 33. Qxe4 Qd6 34. Rf3 Nd5 35. Qf5 Ra7 36. Re1 Qf8 37. c4 Ne7 38. Qf6 Ng6 39. Rfe3 Ra8 40. Re8 Rxe8 41. Rxe8 1-0

[Event "SRB Central-ch op (Women)"]
[Site "Pozarevac"]
[Date "2013.02.19"]
[Round "2"]
[White "Petrovic, Tijana"]
[Black "Milosevic, Milica"]
[Result "1-0"]
[WhiteElo "1666"]
[BlackElo "1643"]
[PlyCount "75"]
[EventDate "2013.02.18"]
[EventType "tourn"]
[EventRounds "9"]
[EventCountry "SRB"]
[SourceTitle "CBM 153 Extra"]
[Source "ChessBase"]
[SourceDate "2013.04.22"]
[SourceVersion "1"]
[SourceVersionDate "2013.04.22"]
[SourceQuality "1"]

1. Nf3 f5 2. d4 e6 3. c4 d6 4. Nc3 Nf6 5. e3 g6 6. Be2 Bg7 7. 0-0 0-0 8. Rb1 Qe7 9. Qc2 b6 10. b4 c5 11. bxc5 dxc5 12. Ba3 Nbd7 13. Na4 Ne4 14. Rfd1 Bb7 15. Ne1 Bh6 16. Nd3 Rac8 17. Bf3 Rfd8 18. dxc5 Ndxc5 19. Naxc5 bxc5 20. Qc1 Bg7 21. Rb3 Bc6 22. Bxe4 Bxe4 23. f3 Ba8 24. Rb5 Qg5 25. Kf2 Qh4+ 26. Kg1 Qg5 27. Kh1 h6 28. Bxc5 a6 29. Rb3 Bc6 30. Ra3 Bb7 31. Bd4 Bf8 32. Rb3 Rb8 33. Nf4 Kf7 34. Be5 Bd6 35. Bxd6 Rxd6 36. Rxd6 e5 37. Rd7+ Ke8 38. Rbxb7 1-0

[Event "Branicevo Region-chB 1st"]
[Site "Pozarevac"]
[Date "2012.12.21"]
[Round "1"]
[White "Milosevic, Milica"]
[Black "Ratkovic, Miloje"]
[Result "0-1"]
[WhiteElo "1640"]
[BlackElo "2228"]
[PlyCount "64"]
[EventDate "2012.12.21"]
[EventType "swiss"]
[EventRounds "5"]
[EventCountry "SRB"]
[SourceTitle "EXT 2014"]
[Source "ChessBase"]
[SourceDate "2013.11.20"]
[SourceVersion "1"]
[SourceVersionDate "2013.11.20"]
[SourceQuality "1"]

1. e4 c6 2. d4 d5 3. Nc3 dxe4 4. Nxe4 Nf6 5. Nxf6+ gxf6 6. Nf3 Bf5 7. Bf4 e6 8. Qd2 Qd5 9. Be2 Rg8 10. Bg3 Qe4 11. 0-0-0 Bh6 12. Ng5 Bxg5 13. f4 Bxf4 14. Bxf4 Rxg2 15. Rde1 Rxe2 16. Qxe2 Qxf4+ 17. Kb1 Nd7 18. Rhf1 Qg4 19. Qf2 0-0-0 20. Qd2 Nb6 21. Rd1 Qg5 22. Qb4 Nd5 23. Qb3 Ne3 24. Rg1 Qf4 25. Rd2 Nxc2 26. Rxc2 Qxd4 27. Rgc1 Qf2 28. a3 Rd2 29. h4 Rxc2 30. Rxc2 Qxc2+ 31. Qxc2 Bxc2+ 32. Kxc2 Kd7 0-1